000 00452cam a2200169ua 4500
020 _c20.00
041 _aeng
_h
082 _a307.14
_bDUB/IN
100 _aDube, S.C .
245 _aIndias changing villages , human factors in community development /
_cS.C.Dube.
_hTextual Documents
260 _aLondon :
_bRoutledge & Kegan Paul Ltd ,
_c1960.
300 _a260 ; .
365 _a20.00
504 _a
942 _cBK
999 _c1638
_d1638